000 00316nam a22001337a 4500
008 180227b xxu||||| |||| 00| 0 eng d
020 _a9780324007664
041 _aeng
080 _23rd
_a33
100 _a58
101 _aBIZ
245 _aBusiness communication process and product
_cGuffey,M.E
942 _2udc
_cBK
999 _c43636
_d43636